| 000 | 00000nam 2200000zi 4500 |
| 001 | 9.946615 |
| 003 | CaOODSP |
| 005 | 20250108103050 |
| 006 | m o d f |
| 007 | cr |n||||||||| |
| 008 | 250108s1976 oncbd ob f000 0 eng d |
| 040 | |aCaOODSP|beng|erda|cCaOODSP |
| 043 | |an-cn-sn |
| 086 | 1 |aEn57-46/28E-PDF |
| 100 | 1 |aBauer, D. J.|q(Donald J.),|d1930- |eauthor. |
| 245 | 14|aThe climate of Prince Albert National Park, Saskatchewan / |cby D.J. Bauer. |
| 264 | 1|aToronto : |bApplications and Consultation Division, Meteorological Applications Branch, |c1976. |
| 300 | |a1 online resource (xiv, 166 pages) : |bmaps, charts. |
| 336 | |atext|btxt|2rdacontent |
| 337 | |acomputer|bc|2rdamedia |
| 338 | |aonline resource|bcr|2rdacarrier |
| 490 | 1 |aProject report (Canada. Meteorological Applications Branch) ; |vno. 28 |
| 500 | |aDigitized edition from print [produced by Environment and Climate Change Canada]. |
| 500 | |a"Prepared for Parks Canada, Department of Indian and Northern Affairs by the Atmospheric Environment Service, Department of the Environment." |
| 504 | |aIncludes bibliographical references (pages 97-99). |
| 650 | 0|aNational parks and reserves|zSaskatchewan|xClimate. |
| 650 | 6|aParcs nationaux|zSaskatchewan|xClimat. |
| 651 | 0|aPrince Albert National Park (Sask.)|xClimate. |
| 651 | 6|aParc national de Prince Albert (Sask.)|xClimat. |
| 710 | 1 |aCanada. |bMeteorological Applications Branch. |bApplications and Consultation Division, |eissuing body. |
| 710 | 2 |aParks Canada, |eissuing body. |
| 710 | 1 |aCanada.|bIndian and Northern Affairs, |eissuing body. |
| 710 | 1 |aCanada. |bAtmospheric Environment Service, |eissuing body. |
| 830 | #0|aProject report (Canada. Meteorological Applications Branch)|vno. 28.|w(CaOODSP)9.883702 |
| 856 | 40|qPDF|s157,773 KB|uhttps://publications.gc.ca/collections/collection_2025/eccc/en57/En57-46-28-eng.pdf |